LIBRARY & INFORMATION CENTRE, KCAET, TAVANUR

ONLINE PUBLIC ACCESS CATALOGUE (OPAC)

Advances in Wind Energy Conservation Technology (Record no. 13872)

MARC details
000 -LEADER
fixed length control field 00341nam a22001337a 4500
020 ## - INTERNATIONAL STANDARD BOOK NUMBER
ISBN 9783540882572
082 ## - DEWEY DECIMAL CLASSIFICATION NUMBER
Classification number 621.312 136 SAT/AD
100 ## - MAIN ENTRY--AUTHOR NAME
Personal name Sathyajith Mathew
100 ## - MAIN ENTRY--AUTHOR NAME
Personal name Geeta SusanPhilip
245 ## - TITLE STATEMENT
Title Advances in Wind Energy Conservation Technology
260 ## - PUBLICATION, DISTRIBUTION, ETC. (IMPRINT)
Place of publication Heidelberg
Name of publisher Springer-Verlag
Year of publication 2011
300 ## - PHYSICAL DESCRIPTION
Number of Pages 216
942 ## - ADDED ENTRY ELEMENTS (KOHA)
Koha item type Books
Holdings
Withdrawn status Lost status Damaged status Collection code Home library Current library Shelving location Date acquired Source of acquisition Cost, normal purchase price Full call number Accession Number Koha item type
      Reference KAUAET KAUAET Reference 31/03/2012 Dreamtech ,Thiruvananthapuram 6876.56 621.312 136 SAT/AD 23153 Books
free website counter